000 00744nam a2200217Ia 4500
005 20241129111241.0
008 241129s9999||||xx |||||||||||||| ||und||
020 _a81-8138-041-X
037 _aTB
040 _aCRL
_bpun
_cCRL
041 _apun
_2pun
084 _aO153,3:g(Y15) P6
_qCRL
100 _aਰਜਨੀ ਰਾਣੀ, ਚ।
245 0 _aਨਾਰੀਵਾਦੀ ਚਿੰਤਨ ਅਤੇ ਪੰਜਾਬੀ ਕਹਾਣੀ
_cਰਜਨੀ ਰਾਣੀ, ਚ।
260 _aਦਿੱਲੀ, ਭਾਰਤ
_bਐੱਮ ਪੀ ਪ੍ਰਕਾਸ਼ਨ
_c2006
300 _a239ਪ੍ਰ0
365 _aINR
_b300
650 _aPunjabi LiteratureFiction
942 _cTB
_hO153,3:g(Y15) P6
999 _c1229579
_d1229579